[Event "34th Chess Olympiad (men)"]
[Site "Istanbul"]
[Date "2000.11.04"]
[Round "7.13.3"]
[White "Babula, Vlastimil"]
[Black "Degraeve, Jean-Marc"]
[WhiteElo "2582"]
[BlackElo "2540"]
[WhiteCountry "CZE"]
[BlackCountry "FRA"]
[Result "1/2-1/2"]

1. d4 Nf6 2. c4 g6 3. Nc3 Bg7 4. e4 d6 5. Nf3 O-O 6. Be2 e5 7. O-O Nc6 
8. d5 Ne7 9. b4 Nh5 10. Re1 f5 11. Ng5 Nf6 12. Bf3 c6 13. b5 cxd5 14. cxd5 h6 
15. Ne6 Bxe6 16. dxe6 fxe4 17. Nxe4 Nxe4 18. Bxe4 d5 19. Ba3 dxe4 
20. Qxd8 Rfxd8 21. Bxe7 Re8 22. Bc5 Rxe6 23. Rxe4 a6 24. b6 Rc8 25. Be3 Bf6 
26. Rd1 Rd8 27. Rb1 Rc6 28. g4 h5 29. Kg2 Kf7 30. Kf3 Ke6 31. Ra4 Rf8 
32. Kg2 Rfc8 33. h3 Rc4 34. Rxa6 bxa6 35. b7 Rb8 36. Ba7 Rxb7 37. Rxb7 Ra4 
1/2-1/2

[Event "34th Chess Olympiad (men)"]
[Site "Istanbul"]
[Date "2000.11.04"]
[Round "7.14.1"]
[White "Krasenkow, Michal"]
[Black "Miezis, Normunds"]
[WhiteElo "2702"]
[BlackElo "2518"]
[WhiteCountry "POL"]
[BlackCountry "LAT"]
[Result "1-0"]

1. d4 e6 2. Nf3 c5 3. g3 Nc6 4. Bg2 cxd4 5. Nxd4 Qb6 6. Nb3 h5 7. e4 h4 
8. Be3 Qc7 9. f4 g5 10. Nc3 Be7 11. Nb5 Qb8 12. e5 Nh6 13. Be4 b6 14. Nd6+ Bxd6 
15. exd6 gxf4 16. Bxf4 Bb7 17. Qh5 a5 18. Qxh4 Qd8 19. Bg5 Qb8 20. O-O-O a4 
21. Nd4 Nxd4 22. Rxd4 Bxe4 23. Bxh6 Qd8 24. Rxe4 Qxh4 25. Rxh4 f6 26. Rf1 Kf7 
27. Bg5 f5 28. Rxh8 Rxh8 29. h4 Rc8 30. h5 Rh8 31. h6 Kg6 32. Bf4 Rc8 
33. Rh1 Kh7 34. Rh5 Re8 35. Rg5 
1-0

[Event "34th Chess Olympiad (men)"]
[Site "Istanbul"]
[Date "2000.11.04"]
[Round "7.14.2"]
[White "Klovans, Janis"]
[Black "Markowski, Tomasz"]
[WhiteElo "2481"]
[BlackElo "2568"]
[WhiteCountry "LAT"]
[BlackCountry "POL"]
[Result "1-0"]

1. e4 e5 2. Nf3 Nc6 3. Bb5 Nf6 4. O-O Nxe4 5. d4 Nd6 6. Bxc6 dxc6 7. dxe5 Nf5 
8. Qxd8+ Kxd8 9. Nc3 Ke8 10. b3 Ne7 11. Bb2 Ng6 12. h3 h5 13. Rad1 h4 
14. Rfe1 Rh5 15. Ne4 Nf4 16. Nh2 Be6 17. Ng4 Be7 18. Bc1 Ng6 19. f3 b6 
20. Nef2 a5 21. a4 Rd8 22. Rxd8+ Kxd8 23. Nd3 c5 24. c4 Kd7 25. Rd1 Kc6 
26. Kf2 Rh8 27. Nf4 Nxf4 28. Bxf4 Bf5 29. Ne3 Bg6 30. Nd5 Bd8 31. Rd2 Re8 
32. Re2 Kd7 33. Rd2 Kc8 34. Nc3 Re6 35. Nb5 Re8 36. Nc3 Bf5 37. Ne4 Be7 
38. Nc3 c6 39. Ne4 Bxe4 40. fxe4 Rd8 41. Rxd8+ Bxd8 42. e6 fxe6 43. Kf3 Kd7 
44. Kg4 Ke8 45. Bg5 Bc7 46. Bxh4 g6 47. Bf6 Kf7 48. e5 Kg8 49. Kg5 Kh7 
50. g4 Bb8 51. h4 Bc7 52. h5 gxh5 53. gxh5 Bb8 54. Bd8 Bxe5 55. Bxb6 Bc3 
56. Bxc5 Kg7 57. Be3 Kh7 58. Kf4 Kh6 59. Kg4+ Kg7 60. Kf3 Kf6 61. Ke4 Bb4 
62. Bd4+ 
1-0

[Event "34th Chess Olympiad (men)"]
[Site "Istanbul"]
[Date "2000.11.04"]
[Round "7.14.3"]
[White "Macieja, Bartlomiej"]
[Black "Meijers, Viesturs"]
[WhiteElo "2536"]
[BlackElo "2478"]
[WhiteCountry "POL"]
[BlackCountry "LAT"]
[Result "1-0"]

1. e4 e5 2. Nf3 Nf6 3. Nxe5 d6 4. Nf3 Nxe4 5. d4 d5 6. Bd3 Bd6 7. O-O O-O 
8. c4 c6 9. Qc2 f5 10. Nc3 Kh8 11. cxd5 cxd5 12. Nxd5 Bxh2+ 13. Kxh2 Qxd5 
14. Bc4 Qd6+ 15. Ne5 Nc6 16. Bf4 Qf6 17. Nxc6 bxc6 18. Be5 Qh6+ 19. Kg1 Ng5 
20. f4 Ne4 21. Bd3 Qg6 22. Rae1 Ng3 23. Rf3 Bd7 24. Ree3 Nh5 25. Qc5 Be6 
26. Qxc6 Bxa2 27. Qxg6 hxg6 28. Ba6 Bd5 29. Rf1 Kh7 30. Rh3 Kh6 31. Rc1 g5 
32. Rc5 Be4 33. Rc7 Kg6 34. fxg5 Kxg5 35. Be2 Rh8 36. Bxh5 Rxh5 37. Rg3+ Kh6 
38. Bxg7+ Kh7 39. Be5+ 
1-0

[Event "34th Chess Olympiad (men)"]
[Site "Istanbul"]
[Date "2000.11.04"]
[Round "7.14.4"]
[White "Neiksans, Arturs"]
[Black "Blehm, Pawel"]
[WhiteElo "2355"]
[BlackElo "2510"]
[WhiteCountry "LAT"]
[BlackCountry "POL"]
[Result "0-1"]

1. e4 c5 2. Nf3 d6 3. d4 cxd4 4. Nxd4 Nf6 5. Nc3 Nc6 6. Be2 g6 7. O-O Bg7 
8. Nb3 O-O 9. Be3 Be6 10. f4 Qc8 11. Bf3 Bc4 12. Rf2 e5 13. Qxd6 Rd8 
14. Qc5 Ba6 15. Bc1 Bf8 16. Qe3 Bh6 17. Nd5 Nxd5 18. exd5 exf4 19. Qc3 Ne5 
20. Bd2 Qf5 21. Nd4 Qd7 22. Re1 Rac8 23. Qb3 Bc4 24. Qa3 Nxf3+ 25. Nxf3 Bxd5 
26. Ne5 Qf5 27. Bc3 Bf8 28. b4 Re8 29. Qb2 Bg7 30. Bd4 Re6 31. Nd3 Rxe1+ 
32. Nxe1 Qe4 33. Bxg7 Qxe1+ 34. Rf1 Qe3+ 35. Rf2 Qe1+ 36. Rf1 Qe3+ 37. Rf2 f3 
38. Bd4 Qe1+ 39. Rf1 Qh4 40. gxf3 Qg5+ 41. Kh1 Qg4 42. Qb3 Qxd4 
0-1

[Event "34th Chess Olympiad (men)"]
[Site "Istanbul"]
[Date "2000.11.04"]
[Round "7.15.3"]
[White "Comas, Fabrego Luis"]
[Black "Dydyshko, Viacheslav"]
[WhiteElo "2516"]
[BlackElo "2525"]
[WhiteCountry "ESP"]
[BlackCountry "BLR"]
[Result "1/2-1/2"]

1. d4 Nf6 2. c4 e6 3. Nf3 b6 4. Nc3 Bb7 5. Bg5 h6 6. Bh4 Be7 7. e3 Ne4 
8. Bxe7 Qxe7 9. Rc1 O-O 10. Be2 d6 11. Nxe4 Bxe4 12. O-O c5 13. Bd3 Bb7 14. e4 
1/2-1/2

[Event "34th Chess Olympiad (men)"]
[Site "Istanbul"]
[Date "2000.11.04"]
[Round "7.15.4"]
[White "Kupreichik, Viktor D"]
[Black "Magem, Badals Jordi"]
[WhiteElo "2472"]
[BlackElo "2482"]
[WhiteCountry "BLR"]
[BlackCountry "ESP"]
[Result "0-1"]

1. e4 c6 2. Nc3 d5 3. Nf3 Bg4 4. h3 Bh5 5. exd5 cxd5 6. Bb5+ Nc6 7. g4 Bg6 
8. Ne5 Rc8 9. h4 f6 10. Nxg6 hxg6 11. Qe2 Kf7 12. Bd3 e6 13. b3 Nb4 14. Bb2 d4 
15. Nb5 Nxc2+ 16. Kd1 Nxa1 17. Bc4 Rxc4 18. Qxc4 Nxb3 19. axb3 Qd5 
20. Qxd5 exd5 21. Bxd4 a6 22. Nc7 Ne7 23. Bc3 d4 24. Bxd4 Nc6 25. Be3 Ne5 
26. g5 fxg5 27. Bxg5 Nf3 28. Rf1 Nxg5 29. hxg5 Bb4 30. Re1 Rd8 31. Re2 Rd6 
32. Re5 Rxd2+ 33. Kc1 Rd7 34. Ne6 Rd6 
0-1

[Event "34th Chess Olympiad (men)"]
[Site "Istanbul"]
[Date "2000.11.04"]
[Round "7.17.1"]
[White "Kveinys, Aloyzas"]
[Black "Moldobaev, Emelbek"]
[WhiteElo "2522"]
[BlackElo "2404"]
[WhiteCountry "LTU"]
[BlackCountry "KGZ"]
[Result "1-0"]

1. e4 e5 2. Nf3 Nc6 3. Bc4 Bc5 4. c3 Nf6 5. d3 d6 6. Bb3 a6 7. Nbd2 O-O 
8. O-O Ba7 9. h3 h6 10. Re1 Be6 11. Nf1 Bxb3 12. Qxb3 Rb8 13. Ng3 Re8 
14. Qd1 d5 15. Qe2 Qd7 16. Nh4 dxe4 17. dxe4 Rbd8 18. Qf3 Qe6 19. Ngf5 Kh7 
20. g4 Rd7 21. Kh2 Red8 22. g5 hxg5 23. Bxg5 Rd3 24. Ne3 Bxe3 25. Rxe3 Rxe3 
26. Qxe3 Ne7 27. Qf3 Rd6 28. b3 g6 29. Rg1 Neg8 30. Bc1 Qd7 31. c4 Rd3 
32. Qg2 Rd1 33. Rxd1 Qxd1 34. Bb2 Nd7 35. Nf3 f6 36. Qg4 Qd6 37. Nh4 Ne7 
38. Ng2 Nc6 39. Ne3 Nf8 40. Nd5 Nd8 41. Qh4+ Kg7 42. Ba3 c5 43. Bxc5 Qxc5 
44. Qxf6+ Kh7 45. Ne7 Nde6 46. Qf7+ Ng7 47. Qg8+ Kh6 48. Qxf8 Qd4 49. Ng8+ 
1-0

[Event "34th Chess Olympiad (men)"]
[Site "Istanbul"]
[Date "2000.11.04"]
[Round "7.17.3"]
[White "Sakalauskas, Vaidas"]
[Black "Yurtaev, Leonid"]
[WhiteElo "2420"]
[BlackElo "2552"]
[WhiteCountry "LTU"]
[BlackCountry "KGZ"]
[Result "1-0"]

1. d4 Nf6 2. c4 g6 3. Nc3 Bg7 4. e4 d6 5. Be2 O-O 6. Nf3 e5 7. O-O Nc6 
8. d5 Ne7 9. Ne1 Nd7 10. Nd3 f5 11. Bd2 Nf6 12. f3 h5 13. c5 Kh7 14. Rc1 Bh6 
15. a4 Bxd2 16. Qxd2 f4 17. Nb5 Bd7 18. Qb4 Bxb5 19. Qxb5 Rb8 20. Qa5 b6 
21. cxb6 axb6 22. Qc3 Rb7 23. Nb4 Rf7 24. Bb5 g5 25. Rf2 g4 26. Rfc2 Rg7 
27. Kh1 h4 28. Qe1 h3 29. fxg4 Rxg4 30. gxh3 Rg6 31. Nc6 Nxc6 32. Bxc6 Ra7 
33. Qh4+ Rh6 34. Qg5 Qg8 35. Qf5+ Qg6 36. Bd7 c5 37. dxc6 Nxd7 38. c7 
1-0

[Event "34th Chess Olympiad (men)"]
[Site "Istanbul"]
[Date "2000.11.04"]
[Round "7.17.4"]
[White "Inarkiev, Ernesto"]
[Black "Butnorius, Algimantas"]
[WhiteElo "2432"]
[BlackElo "2434"]
[WhiteCountry "KGZ"]
[BlackCountry "LTU"]
[Result "0-1"]

1. d4 Nf6 2. c4 e6 3. Nc3 Bb4 4. Qc2 O-O 5. a3 Bxc3+ 6. Qxc3 b6 7. Bg5 Bb7 
8. f3 h6 9. Bh4 d5 10. e3 Nbd7 11. Nh3 c5 12. cxd5 Nxd5 13. Bxd8 Nxc3 
14. Be7 Rfe8 15. Bh4 Nd5 16. Bb5 g5 17. Bf2 Red8 18. e4 N5f6 19. Rd1 Rac8 
20. dxc5 Nxc5 21. Rxd8+ Rxd8 22. Ke2 Rc8 23. Ke3 Ba6 24. Bxa6 Nxa6 25. Be1 Nc5 
26. Bc3 Nfd7 27. Rd1 Rc7 28. Rd2 Na4 29. Bb4 Ndc5 30. Rc2 Rd7 31. Nf2 f5 
32. Bxc5 Nxc5 33. b4 f4+ 34. Ke2 Nb3 35. Rc8+ Kg7 36. Nd3 Kf6 37. h4 a5 38. Rh8 
0-1

[Event "34th Chess Olympiad (men)"]
[Site "Istanbul"]
[Date "2000.11.04"]
[Round "7.18.3"]
[White "Kurajica, Bojan"]
[Black "Shaw, John"]
[WhiteElo "2534"]
[BlackElo "2435"]
[WhiteCountry "BIH"]
[BlackCountry "SCO"]
[Result "1/2-1/2"]

1. c4 e5 2. g3 Nc6 3. Bg2 f5 4. d3 Nf6 5. a3 g6 6. b4 Bg7 7. Bb2 d6 8. b5 Ne7 
9. c5 O-O 10. Qb3+ Kh8 11. Nd2 a6 12. cxd6 cxd6 13. Ngf3 h6 14. a4 axb5 
15. axb5 Rxa1+ 16. Bxa1 g5 17. O-O f4 18. Nc4 Nf5 19. Qa3 Be6 20. Nfd2 Rf7 
21. e4 fxe3 22. fxe3 Bf8 23. Qc1 Bg7 24. Nb3 Ng4 25. Re1 d5 26. Nca5 Rc7 
27. Qd2 Qc8 28. e4 Rc2 29. Rc1 Rxc1+ 30. Qxc1 dxe4 31. Qxc8+ Bxc8 32. Bxe4 Nd6 
33. b6 Nxe4 34. dxe4 Nf6 35. Nc5 Kg8 36. Ncxb7 Bxb7 37. Nxb7 Nd7 38. Nd6 Nxb6 
39. Nf5 Nd7 40. Kf2 g4 41. Kg2 Kf7 42. h3 gxh3+ 43. Kxh3 Nc5 44. Nxg7 Kxg7 
45. Bxe5+ Kg6 46. Bf4 Nxe4 
1/2-1/2

[Event "34th Chess Olympiad (men)"]
[Site "Istanbul"]
[Date "2000.11.04"]
[Round "7.18.4"]
[White "Mannion, Stephen R"]
[Black "Dizdarevic, Emir"]
[WhiteElo "2350"]
[BlackElo "2527"]
[WhiteCountry "SCO"]
[BlackCountry "BIH"]
[Result "0-1"]

1. e4 c6 2. d4 d5 3. e5 Bf5 4. Nc3 Qb6 5. g4 Bd7 6. Na4 Qc7 7. Be3 h5 
8. gxh5 e6 9. Be2 Na6 10. Nc3 Qb6 11. Rb1 c5 12. dxc5 Bxc5 13. Bxc5 Nxc5 
14. Qd4 Ne7 15. b4 Ne4 16. Qxb6 axb6 17. Nb5 Bxb5 18. Bxb5+ Kf8 19. Ne2 Rxh5 
20. f3 Ng5 21. O-O Nh3+ 22. Kg2 g5 23. Ng3 Rh4 24. a4 Nf4+ 25. Kh1 Nfg6 
26. Rfe1 Nc6 27. c4 Ncxe5 28. cxd5 Nxf3 29. Re2 Nd4 30. Rd2 exd5 31. Bf1 Rxa4 
32. Bg2 Ra3 33. Nf1 Ne7 34. Rbd1 Nf3 35. Rf2 g4 36. Rc1 Nxh2 37. Nxh2 g3 
38. Rf6 Rxh2+ 39. Kg1 Ra2 40. Bf3 Rhf2 41. Rd1 Ra3 42. Rxb6 Raxf3 43. Rxb7 Ng6 
0-1

[Event "34th Chess Olympiad (men)"]
[Site "Istanbul"]
[Date "2000.11.04"]
[Round "7.19.1"]
[White "Leitao, Rafael"]
[Black "Nedev, Trajce"]
[WhiteElo "2567"]
[BlackElo "2487"]
[WhiteCountry "BRA"]
[BlackCountry "FRM"]
[Result "1/2-1/2"]

1. e4 c5 2. Nf3 Nc6 3. d4 cxd4 4. Nxd4 Nf6 5. Nc3 e5 6. Ndb5 d6 7. Bg5 a6 
8. Na3 b5 9. Nd5 Be7 10. Nxe7 Nxe7 11. Bd3 Bb7 12. Qe2 Ng6 13. c4 b4 14. Nc2 a5 
15. O-O O-O 16. b3 h6 17. Bd2 Nd7 18. f3 Nc5 19. Rfb1 Qh4 20. a3 bxa3 
21. Nxa3 f5 22. exf5 Nxd3 23. fxg6 e4 24. Rf1 Nc5 25. f4 Qf6 26. Qe3 Qxg6 
27. Nc2 a4 28. bxa4 Ba6 29. Na3 Nxa4 30. Nb5 Bb7 31. Nc7 Rac8 32. Nd5 Qe8 
33. Qd4 Rf7 34. Rae1 Bxd5 35. Qxd5 Nb6 36. Qxe4 Qxe4 37. Rxe4 Rxc4 
1/2-1/2

[Event "34th Chess Olympiad (men)"]
[Site "Istanbul"]
[Date "2000.11.04"]
[Round "7.19.2"]
[White "Jacimovic, Dragoljub"]
[Black "Vescovi, Giovanni"]
[WhiteElo "2465"]
[BlackElo "2526"]
[WhiteCountry "FRM"]
[BlackCountry "BRA"]
[Result "0-1"]

1. d4 Nf6 2. c4 e6 3. Nc3 Bb4 4. e3 O-O 5. Nge2 d5 6. a3 Be7 7. cxd5 exd5 
8. Ng3 Re8 9. b4 c6 10. Bd3 Nbd7 11. O-O Nb6 12. Rb1 Bd6 13. f4 a5 
14. bxa5 Rxa5 15. Qb3 Bc7 16. h3 Bd7 17. Qb4 Ra7 18. Qb3 Nc8 19. e4 dxe4 
20. Ncxe4 Nxe4 21. Bxe4 Be6 22. Qd3 Nd6 23. Bxh7+ Kh8 24. d5 Bxd5 25. Bb2 Bb6+ 
26. Kh2 Re3 27. Qc2 Qh4 
0-1

[Event "34th Chess Olympiad (men)"]
[Site "Istanbul"]
[Date "2000.11.04"]
[Round "7.19.3"]
[White "Lima, Darcy"]
[Black "Bogdanovski, Vlatko"]
[WhiteElo "2525"]
[BlackElo "2435"]
[WhiteCountry "BRA"]
[BlackCountry "FRM"]
[Result "1-0"]

1. e4 d6 2. d4 g6 3. g3 Bg7 4. Bg2 c5 5. d5 Nf6 6. Ne2 O-O 7. a4 Na6 8. O-O Nc7 
9. Na3 Rb8 10. Nc3 b6 11. Re1 a6 12. Nc4 Ng4 13. h3 Ne5 14. Nxe5 Bxe5 
15. Bh6 Re8 16. Qd2 Bb7 17. Nd1 e6 18. c3 exd5 19. exd5 Bg7 20. Rxe8+ Nxe8 
21. Bxg7 Nxg7 22. Ne3 Bc8 23. b4 Qc7 24. Bf1 Nf5 25. Ng4 Qd8 26. Re1 Bd7 
27. Bd3 h5 28. Bxf5 hxg4 29. Bxg4 Bxa4 30. Qa2 b5 31. Qd2 Qf6 32. bxc5 dxc5 
33. d6 b4 34. cxb4 cxb4 35. d7 b3 36. Rd1 b2 37. Rb1 Rd8 38. Rxb2 Qe7 
39. Qa5 Bb5 40. Rc2 Bxd7 41. Re2 Be6 42. Bxe6 fxe6 43. Qxa6 Kf7 44. Qc6 Rd6 
45. Qe4 Qf6 46. Ra2 Qd4 47. Qf3+ Kg7 48. Re2 e5 49. Kg2 Rf6 50. Qe3 Qd5+ 
51. Kg1 Re6 52. Rd2 Qb7 53. Kh2 Re7 54. h4 Qc6 55. Rb2 Qf6 56. Rb6 Qf5 
57. Rb5 Qf6 58. Rb6 Qf5 59. Kg2 Kh7 60. Rb5 Qf6 61. Rb4 Kg7 62. Rg4 Kf7 
63. Rg5 Re6 64. h5 gxh5 65. Rxh5 e4 66. Qa7+ Ke8 67. Rh8+ 
1-0

[Event "34th Chess Olympiad (men)"]
[Site "Istanbul"]
[Date "2000.11.04"]
[Round "7.20.1"]
[White "Mikhalchishin, Adrian"]
[Black "Nogueiras, Jesus"]
[WhiteElo "2544"]
[BlackElo "2552"]
[WhiteCountry "SLO"]
[BlackCountry "CUB"]
[Result "1/2-1/2"]

1. d4 d5 2. c4 c6 3. Nf3 Nf6 4. e3 Bf5 5. Bd3 Bxd3 6. Qxd3 e6 7. O-O Nbd7 
8. Nbd2 Be7 9. e4 dxe4 10. Nxe4 Nxe4 11. Qxe4 O-O 12. Bf4 Nf6 13. Qe2 
1/2-1/2

[Event "34th Chess Olympiad (men)"]
[Site "Istanbul"]
[Date "2000.11.04"]
[Round "7.20.3"]
[White "Sermek, Drazen"]
[Black "Dominguez, Lenier"]
[WhiteElo "2514"]
[BlackElo "2534"]
[WhiteCountry "SLO"]
[BlackCountry "CUB"]
[Result "1/2-1/2"]

1. e4 c5 2. c3 Nf6 3. e5 Nd5 4. Nf3 Nc6 5. Bc4 Nb6 6. Bb3 d5 7. exd6 Qxd6 
8. O-O Bf5 9. d4 e6 10. Na3 Qd7 11. Bf4 a6 12. Be3 cxd4 13. Nxd4 Nxd4 
14. Bxd4 Bxa3 15. bxa3 Qc6 16. Qh5 Nd7 17. Rfe1 O-O 18. Qg5 Bg6 19. h4 Qb5 
20. Qg3 Rfe8 21. Re3 Re7 22. Rae1 Rae8 23. f4 Qf5 24. R1e2 f6 25. Qf3 Bh5 
26. Rxe6 Rxe6 27. Rxe6 Rxe6 28. Bxe6+ Qxe6 29. Qxh5 Nb8 30. Qd1 Qe4 31. Bf2 Qe7 
32. Qd5+ Kh8 33. Kf1 Nc6 34. Bc5 Qe8 35. h5 h6 36. Kf2 Qc8 37. Kf3 Qe8 
38. Kf2 Qc8 39. Kf3 Qe8 40. Kf2 
1/2-1/2

[Event "34th Chess Olympiad (men)"]
[Site "Istanbul"]
[Date "2000.11.04"]
[Round "7.20.4"]
[White "Perez, Rodney"]
[Black "Mohr, Georg"]
[WhiteElo "2478"]
[BlackElo "2492"]
[WhiteCountry "CUB"]
[BlackCountry "SLO"]
[Result "1-0"]

1. e4 c5 2. Nf3 e6 3. Nc3 Nc6 4. Bb5 Nge7 5. O-O a6 6. Bxc6 Nxc6 7. d4 cxd4 
8. Nxd4 d6 9. Re1 g6 10. Nxc6 bxc6 11. e5 d5 12. Na4 c5 13. c4 d4 14. Qf3 Bd7 
15. Bg5 Qb8 16. Nb6 Ra7 17. Nd5 exd5 18. Qf6 dxc4 19. e6 Bxe6 20. Qxh8 Kd7 
21. Qxh7 Kc6 22. Bf4 Bd6 23. Bxd6 Qxd6 24. Qh4 Rb7 25. Qe4+ Kb6 26. Qc2 Ka7 
27. Rad1 Qb6 28. Rd2 Qa5 29. a3 Rxb2 30. Qxb2 c3 31. Qc2 cxd2 32. Rd1 Qc3 
33. Qxd2 Qxd2 34. Rxd2 Kb6 35. Kf1 Kc6 36. Ke2 Bc4+ 37. Ke1 Kd5 38. h4 f5 
39. f3 f4 40. g4 fxg3 41. Rg2 Bd3 42. Rxg3 Ke5 43. f4+ Ke4 44. f5 gxf5 
45. h5 f4 46. Rh3 f3 47. Kf2 c4 48. h6 Kd5 49. Rh5+ Kd6 50. h7 Bxh7 51. Rxh7 c3 
52. Kxf3 c2 53. Rh1 Kd5 54. Ke2 Kc4 55. Kd2 d3 56. Rh3 a5 57. a4 Kd5 
1-0

[Event "34th Chess Olympiad (men)"]
[Site "Istanbul"]
[Date "2000.11.04"]
[Round "7.21.1"]
[White "Ghaem, Maghami Ehsan"]
[Black "Hector, Jonny"]
[WhiteElo "2488"]
[BlackElo "2509"]
[WhiteCountry "IRI"]
[BlackCountry "SWE"]
[Result "1/2-1/2"]

1. c4 e6 2. Nf3 d5 3. g3 c6 4. b3 Bd6 5. Bb2 Nf6 6. Bg2 Qe7 7. d4 Ne4 
8. O-O O-O 9. e3 Nd7 10. Qc1 a5 11. Ba3 Bb4 12. Bxb4 axb4 13. Nbd2 f5 
14. Qc2 b6 15. Rfc1 Bb7 16. Ne1 c5 17. Nd3 Rfc8 18. Qb2 Ra3 19. Nb1 dxc4 
20. Rxc4 Ra7 21. Rc2 Ba6 22. Ne1 Ndf6 23. a3 cxd4 24. exd4 Rac7 25. Rxc7 Rxc7 
26. axb4 Qxb4 27. Na3 Bb7 28. Nd3 Qc3 29. Nb5 Qxb2 30. Nxb2 Rc2 31. Nd3 h6 
32. Rc1 Rd2 33. Ne5 Bd5 34. f3 Nf2 35. Nc4 Rd1+ 36. Rxd1 Nxd1 37. Nc7 Kf7 
38. f4 Bxc4 39. bxc4 Ne3 40. c5 bxc5 41. dxc5 Ke7 42. Bb7 Ne8 43. Nb5 Nc4 
44. Kf2 Na5 45. Bf3 Nb3 46. c6 Na5 47. Ke3 Nd6 48. Nd4 e5 49. fxe5 Nac4+ 
50. Kd3 Nxe5+ 51. Kc3 g5 52. Kb4 g4 53. Be2 Kf6 54. Kc5 Ne4+ 55. Kb6 Nxc6 
56. Nxc6 f4 57. gxf4 Kf5 58. Ne5 Kxf4 59. Nxg4 Nc3 
1/2-1/2

[Event "34th Chess Olympiad (men)"]
[Site "Istanbul"]
[Date "2000.11.04"]
[Round "7.21.2"]
[White "Akesson, Ralf"]
[Black "Bagheri, Amir"]
[WhiteElo "2486"]
[BlackElo "2409"]
[WhiteCountry "SWE"]
[BlackCountry "IRI"]
[Result "1/2-1/2"]

1. d4 Nf6 2. c4 e6 3. Nc3 Bb4 4. Qc2 O-O 5. a3 Bxc3+ 6. Qxc3 b6 7. Bg5 Bb7 
8. f3 h6 9. Bh4 c5 10. dxc5 bxc5 11. e3 Nc6 12. O-O-O Qe7 13. Bxf6 gxf6 
14. Ne2 d5 15. cxd5 exd5 16. Ng3 d4 17. exd4 Nxd4 18. Bc4 Rfe8 19. Rhe1 Qd6 
20. Kb1 Re5 21. f4 Rxe1 22. Rxe1 Kf8 23. Qd3 Re8 24. Rxe8+ Kxe8 25. Bxf7+ Kd8 
26. Ne4 Qe7 27. Bg6 Kc7 28. g3 f5 29. Nc3 Qe1+ 30. Qd1 Qxd1+ 
1/2-1/2

[Event "34th Chess Olympiad (men)"]
[Site "Istanbul"]
[Date "2000.11.04"]
[Round "7.21.4"]
[White "Brynell, Stellan"]
[Black "Mallahi, Amir"]
[WhiteElo "2484"]
[BlackElo "2389"]
[WhiteCountry "SWE"]
[BlackCountry "IRI"]
[Result "1-0"]

1. e4 c5 2. Nf3 Nc6 3. Bb5 a6 4. Bxc6 dxc6 5. d3 Qc7 6. Be3 e5 7. Nbd2 f6 
8. a4 a5 9. Nc4 Bg4 10. Qd2 b6 11. Ng1 Bd6 12. Ne2 Ne7 13. f4 Bxe2 
14. fxe5 Bxe5 15. Qxe2 O-O 16. Qh5 Ng6 17. O-O Rfe8 18. Rf3 b5 19. Nxe5 Rxe5 
20. Rf5 Qd6 21. h3 c4 22. Rxe5 fxe5 23. dxc4 Qb4 24. axb5 cxb5 25. cxb5 Qxb2 
26. Qd1 Qxb5 27. Qd5+ Qxd5 28. exd5 a4 29. c4 Kf7 30. Ra3 Ke7 31. Kf2 Kd6 
32. Kf3 Nf8 33. Ke4 Nd7 34. Kd3 Nc5+ 35. Kc3 h6 36. Ra2 Ne4+ 37. Kd3 Nc5+ 
38. Kc2 Ra6 39. Ra3 Ra8 40. h4 Ra7 41. h5 Rf7 42. Ra1 Rb7 43. Bd2 Rf7 
44. Bb4 Ra7 45. Ra3 Rc7 46. Kc3 Ra7 47. Kd2 Ra8 48. Rg3 Rf8 49. Rg6+ Rf6 
50. Rxf6+ gxf6 51. g4 
1-0

[Event "34th Chess Olympiad (men)"]
[Site "Istanbul"]
[Date "2000.11.04"]
[Round "7.22.2"]
[White "Gunawan, Ruben"]
[Black "Galego, Luis"]
[WhiteElo "2503"]
[BlackElo "2419"]
[WhiteCountry "INA"]
[BlackCountry "POR"]
[Result "1/2-1/2"]

1. Nf3 d6 2. d4 Nf6 3. Nc3 Bg4 4. e4 c6 5. h3 Bh5 6. Qe2 e6 7. Be3 d5 
8. exd5 Nxd5 9. Bd2 Nxc3 10. Bxc3 Qd5 11. g4 Bg6 12. Bg2 Qe4 13. Qxe4 Bxe4 
14. O-O-O Nd7 15. Rhe1 Bd5 16. Bh1 Be7 17. Ne5 Bxh1 18. Rxh1 Nxe5 19. dxe5 h5 
20. f4 Rd8 21. Rxd8+ Kxd8 22. g5 Kc7 23. Rd1 Rd8 24. Rxd8 Kxd8 25. Kd2 Kd7 
26. Kd3 c5 27. Ke4 Kc6 28. Bd2 g6 29. c4 Bd8 30. b3 Bc7 31. Bc3 Bd8 32. Bd2 Bc7 
33. Be1 Bd8 34. Bc3 Bc7 35. Be1 Bd8 36. Bd2 
1/2-1/2

[Event "34th Chess Olympiad (men)"]
[Site "Istanbul"]
[Date "2000.11.04"]
[Round "7.22.3"]
[White "Dias, Paulo"]
[Black "Barus, Cerdas"]
[WhiteElo "2302"]
[BlackElo "2435"]
[WhiteCountry "POR"]
[BlackCountry "INA"]
[Result "1/2-1/2"]

1. d4 Nf6 2. c4 e6 3. Nc3 Bb4 4. Qc2 O-O 5. a3 Bxc3+ 6. Qxc3 b6 7. Bg5 Bb7 
8. e3 d6 9. Nf3 Nbd7 10. Be2 Rc8 11. Qc2 c5 12. O-O Qc7 13. Nd2 cxd4 
14. exd4 d5 15. Rac1 dxc4 16. Qa4 a6 17. Rxc4 Qd6 18. Qb4 Qxb4 19. Rxb4 Nd5 
20. Rc4 h6 21. Be3 b5 22. Rcc1 Rxc1 23. Rxc1 Rc8 24. Ne4 Rxc1+ 25. Bxc1 Nf4 
26. Bxf4 Bxe4 27. h4 Bd5 28. h5 Kf8 29. Bd6+ Ke8 30. g4 Nb6 31. Bf4 Be4 
32. f3 Bc2 33. Bc1 f5 34. Kf2 Nd5 35. Ke1 Kf7 36. g5 hxg5 37. Bxg5 Bb3 
38. Kd2 Ke8 39. Bd3 Kd7 40. Be2 Ke8 41. Ke1 Kf7 42. Kf2 Bc2 43. Kg3 Bb3 
44. Kf2 Nb6 45. Bc1 Na4 46. Ke1 Kf6 47. Bd3 e5 48. dxe5+ Kxe5 49. h6 gxh6 
50. Bxh6 Bd5 51. Kf2 Nc5 52. Bg7+ Ke6 53. Bc2 Kf7 54. Be5 Kg6 55. Ke3 Ne6 
56. f4 Bc4 57. Kd2 Nd8 58. Kc3 Nc6 59. Bh8 Bd5 60. Bd3 Be6 61. b4 Bd5 
62. Kb2 Be4 63. Be2 Bd5 64. Bc3 Nd8 65. a4 Bc6 66. Bd3 Be4 67. Be2 Bc6 
68. Be5 Ne6 69. Kc3 Kh6 70. Kd2 Kg6 71. Ke3 Kh6 72. Kf2 Nf8 73. Kg3 Nd7 
74. Bd4 Nf8 75. Bd3 Kg6 76. Kh4 Ne6 77. Be5 Nf8 78. Bd6 Nd7 79. Be2 Nf6 
80. axb5 axb5 81. Be7 Ng4 82. Bc5 Nf6 83. Be7 Ng4 84. Bd1 Bd5 85. Bd8 Bc6 
86. Bb6 Bd5 87. Bd4 Bc6 88. Bb3 Nh6 89. Kg3 Nf7 90. Be6 Nd8 91. Bc8 Bb7 
92. Bd7 Bc6 93. Bc8 Bb7 94. Bxb7 Nxb7 95. Bb6 Kf7 96. Bc7 Ke6 97. Kh4 Kd7 
98. Be5 Nd8 99. Kg5 Ke6 100. Kg6 Nc6 101. Bc3 
1/2-1/2

[Event "34th Chess Olympiad (men)"]
[Site "Istanbul"]
[Date "2000.11.04"]
[Round "7.22.4"]
[White "Hamdani, Rudin"]
[Black "Fernando, Diogo"]
[WhiteElo "2385"]
[BlackElo "2257"]
[WhiteCountry "INA"]
[BlackCountry "POR"]
[Result "1-0"]

1. e4 c5 2. Nf3 d6 3. d4 cxd4 4. Nxd4 Nf6 5. Nc3 Nc6 6. Be2 e5 7. Nf3 h6 
8. O-O Be7 9. h3 O-O 10. a3 Be6 11. Bd3 Rc8 12. Re1 a6 13. b3 Nb8 14. Bb2 Nbd7 
15. Nd2 Nc5 16. Bf1 Bd7 17. a4 Bc6 18. a5 Kh8 19. Ba3 Qc7 20. Bxc5 dxc5 
21. Nc4 Rcd8 22. Bd3 Rd4 23. Qf3 Nh7 24. Qg3 Bf6 25. Ne3 Rd7 26. Bc4 Bg5 
27. Ncd5 Qb8 28. Ng4 Re8 29. Rad1 Bf4 30. Qc3 Bxd5 31. Rxd5 Rxd5 32. Bxd5 Qc7 
33. g3 Bg5 34. b4 h5 35. Ne3 Bxe3 36. Rxe3 Qd7 37. bxc5 Qxh3 38. Bxf7 Rf8 
39. Bg6 Ng5 40. Qxe5 Rd8 41. Qd5 Rd7 42. c6 
1-0

[Event "34th Chess Olympiad (men)"]
[Site "Istanbul"]
[Date "2000.11.04"]
[Round "7.23.1"]
[White "Yrjola, Jouni"]
[Black "Svetushkin, Dmitry"]
[WhiteElo "2442"]
[BlackElo "2472"]
[WhiteCountry "FIN"]
[BlackCountry "MDA"]
[Result "0-1"]

1. Nf3 Nf6 2. c4 c6 3. Nc3 d5 4. e3 e6 5. b3 Nbd7 6. Bb2 e5 7. Be2 a6 
8. Qc2 Bd6 9. g4 h6 10. Rg1 Nf8 11. h4 Be6 12. g5 hxg5 13. hxg5 N6d7 
14. O-O-O Ng6 15. Kb1 Rc8 16. Rh1 Ke7 17. Rc1 Qa5 18. d3 b5 19. Qd2 b4 
20. Na4 c5 21. Qc2 d4 22. Nd2 Nb6 23. Nxb6 Qxb6 24. Bf3 Nh4 25. Be4 Nf5 
26. Rhe1 Kd7 27. Nf3 Rh3 28. Qd2 Rch8 29. Rcd1 a5 30. exd4 exd4 31. Bc1 Qc7 
32. Qe2 g6 33. Ng1 Rh2 34. Qf1 Nh4 35. Qe2 Kc8 36. Nf3 Bg4 37. Rg1 Bh5 
38. Rh1 Kd8 39. Rxh2 Bxh2 40. Rh1 Re8 41. Qf1 Nxf3 42. Qh3 Rxe4 43. dxe4 Bf4 
44. Bb2 Qe5 
0-1